[Event "Aragon-chT Honor Gr I"]
[Site "Aragon"]
[Date "2021.03.13"]
[Round "1.3"]
[White "Llanes Luno, Pedro Alfredo"]
[Black "Fontana Sotomayour, Luis Javier"]
[Result "1-0"]
[WhiteElo "2005"]
[BlackElo "2271"]
[PlyCount "59"]
[EventDate "2021.03.13"]
[EventType "team-tourn"]
[EventRounds "7"]
[EventCountry "ESP"]
[SourceTitle "EXT 2024"]
[Source "ChessBase"]
[SourceDate "2023.10.10"]
[SourceVersion "1"]
[SourceVersionDate "2023.10.10"]
[SourceQuality "1"]
[WhiteTeam "Delicias"]
[BlackTeam "Jaime Casas"]
[WhiteTeamCountry "ESP"]
[BlackTeamCountry "ESP"]

1. e4 Nf6 2. e5 Nd5 3. c4 Nb6 4. c5 Nd5 5. Nc3 e6 6. Bc4 Nxc3 7. bxc3 b6 8. Nf3 Bxc5 9. 0-0 Be7 10. Re1 0-0 11. d4 d5 12. exd6 cxd6 13. Qe2 d5 14. Bd3 a5 15. Qe5 Ba6 16. Bc2 Nd7 17. Qg3 Re8 18. Bh6 Bf8 19. Bg5 Qc8 20. Re3 Qc6 21. Rae1 Bd6 22. Qh4 Nf8 23. Ne5 Bxe5 24. dxe5 Qc4 25. Qh5 Qxa2 26. Bb1 Qd2 27. Rd1 g6 28. Qf3 Qb2 29. Qf4 Ra7 30. Bf6 1-0

[Event "Aragon-chT Honor Titulo"]
[Site "Aragon"]
[Date "2017.03.18"]
[Round "8.8"]
[White "Fontana Sotomayour, Luis Javier"]
[Black "Calvo Simon, Jorge"]
[Result "1-0"]
[WhiteElo "2251"]
[BlackElo "2142"]
[PlyCount "88"]
[EventDate "2017.02.25"]
[EventType "team-tourn"]
[EventRounds "10"]
[EventCountry "ESP"]
[SourceTitle "EXT 2018"]
[Source "ChessBase"]
[SourceDate "2017.10.13"]
[SourceVersion "1"]
[SourceVersionDate "2017.10.13"]
[SourceQuality "1"]
[WhiteTeam "Jaime Casas"]
[BlackTeam "Helios"]
[WhiteTeamCountry "ESP"]
[BlackTeamCountry "ESP"]

1. d4 Nf6 2. Bf4 g6 3. e3 Bg7 4. Nf3 d6 5. Be2 0-0 6. h3 c5 7. c3 b6 8. Nbd2 Bb7 9. 0-0 Nbd7 10. Bh2 Qc7 11. a4 cxd4 12. exd4 Bh6 13. Re1 Nh5 14. Bf1 Rae8 15. Ne4 Nf4 16. a5 bxa5 17. Neg5 Bxf3 18. Nxf3 Qb7 19. Bxf4 Bxf4 20. Qa4 Nf6 21. Qxa5 Qxb2 22. Ra2 Qb3 23. Ra3 Qc2 24. Ra2 Qb3 25. Bd3 e6 26. Rb1 Qd5 27. c4 Qc6 28. Qa6 Qxa6 29. Rxa6 d5 30. c5 Bb8 31. Rb7 Rc8 32. Ne5 Bxe5 33. dxe5 Ne8 34. c6 f6 35. f4 fxe5 36. fxe5 Nc7 37. Raxa7 Rf7 38. Kh2 Re7 39. Kg3 Kf7 40. Kf4 Ra8 41. Rxa8 Nxa8 42. Ke3 Nc7 43. Kd4 h5 44. h4 Ke8 1-0

[Event "Estadilla op 30th rapid"]
[Site "Estadilla"]
[Date "2016.05.22"]
[Round "9"]
[White "Fontana Sotomayour, Luis Javier"]
[Black "Forcen Esteban, Daniel"]
[Result "0-1"]
[WhiteElo "2308"]
[BlackElo "2501"]
[PlyCount "101"]
[EventDate "2016.05.22"]
[EventType "swiss (rapid)"]
[EventRounds "9"]
[EventCountry "ESP"]
[SourceTitle "EXT 2018"]
[Source "ChessBase"]
[SourceDate "2017.10.13"]
[SourceVersion "1"]
[SourceVersionDate "2017.10.13"]
[SourceQuality "1"]

1. d4 Nf6 2. Nf3 g6 3. Nbd2 d5 4. e3 Bg7 5. b4 0-0 6. Bb2 a5 7. b5 Nbd7 8. c4 c5 9. bxc6 bxc6 10. cxd5 cxd5 11. Rc1 Ne8 12. Bd3 Nd6 13. 0-0 Ba6 14. Qe2 Bxd3 15. Qxd3 Nb6 16. Ne5 Bxe5 17. dxe5 Ndc4 18. Nxc4 Nxc4 19. Bd4 Rc8 20. f4 e6 21. Rfd1 Qd7 22. Rc2 Rfd8 23. Rf2 Qa4 24. Rdf1 Na3 25. g4 Rc2 26. f5 Rxf2 27. Rxf2 Rc8 28. Kg2 Nb5 29. fxe6 fxe6 30. h3 Qc4 31. Qd1 Nxd4 32. exd4 Qc3 33. Qa4 Rf8 34. Qc2 Rf3 35. Qxc3 Rxc3 36. Rf3 Rc2+ 37. Rf2 Rc4 38. Rd2 g5 39. h4 h6 40. hxg5 hxg5 41. Kf3 Rc3+ 42. Kf2 Kf7 43. Kg2 Ke7 44. Kf2 Kd7 45. Rb2 Kc6 46. Ke2 Rg3 47. Rc2+ Rc3 48. Rb2 Rd3 49. Kf2 Kd7 50. Kg2 Rc3 51. Kf2 0-1

[Event "La Roda op 43rd"]
[Site "La Roda"]
[Date "2016.03.27"]
[Round "9"]
[White "Fontana Sotomayour, Luis Javier"]
[Black "Cifuentes Parada, Roberto"]
[Result "0-1"]
[WhiteElo "2315"]
[BlackElo "2469"]
[PlyCount "122"]
[EventDate "2016.03.23"]
[EventType "swiss"]
[EventRounds "9"]
[EventCountry "ESP"]
[SourceTitle "CBM 171 Extra"]
[Source "ChessBase"]
[SourceDate "2016.04.26"]
[SourceVersion "1"]
[SourceVersionDate "2016.04.26"]
[SourceQuality "1"]

1. e4 d6 2. d4 Nf6 3. Nc3 e5 4. f3 Be7 5. Be3 0-0 6. Nge2 exd4 7. Nxd4 d5 8. e5 c5 9. exf6 Bxf6 10. Be2 Re8 11. Bf2 cxd4 12. Bxd4 Nc6 13. Bxf6 Qxf6 14. 0-0 d4 15. Ne4 Qg6 16. Bb5 Bf5 17. Bxc6 Qxc6 18. Ng3 Qxc2 19. Rf2 Qxd1+ 20. Rxd1 Be6 21. b3 Red8 22. Rfd2 Kf8 23. Rxd4 Rxd4 24. Rxd4 Rc8 25. Rd2 Ke7 26. Kf2 a5 27. Nh5 g5 28. Ng3 Rc1 29. Ne2 Ra1 30. Nc3 h6 31. Ke3 Rc1 32. Kd4 f5 33. Na4 Kd6 34. Nb6 Kc6 35. Nc4 a4 36. Ne5+ Kb5 37. bxa4+ Kxa4 38. Nd3 Rc7 39. Ke5 Rc6 40. Rb2 Bc4 41. Kd4 Bxd3 42. Kxd3 b5 43. Re2 b4 44. Re7 Rc3+ 45. Kd2 Ka3 46. Ra7+ Kb2 47. Ra4 Rc2+ 48. Ke1 Kc3 49. Kf1 Rb2 50. h3 f4 51. Ra6 Rc2 52. Ra4 Rd2 53. Kg1 Rd3 54. Kf2 Kc4 55. Ke2 Ra3 56. Rxa3 bxa3 57. Kd2 Kd4 58. Ke2 Kc3 59. Kd1 Kb2 60. Kd2 Kxa2 61. Kc2 h5 0-1

[Event "ESP-chT CECLUB Div2"]
[Site "Linares"]
[Date "2014.08.18"]
[Round "1.1"]
[White "Fontana Sotomayour, Luis Javier"]
[Black "Trabazos Gallego, Javier"]
[Result "1-0"]
[WhiteElo "2308"]
[BlackElo "1881"]
[PlyCount "73"]
[EventDate "2014.08.18"]
[EventType "team-swiss"]
[EventRounds "6"]
[EventCountry "ESP"]
[SourceTitle "CBM 162 Extra"]
[Source "ChessBase"]
[SourceDate "2014.10.17"]
[SourceVersion "1"]
[SourceVersionDate "2014.10.17"]
[SourceQuality "1"]
[WhiteTeam "Jaime Casas"]
[BlackTeam "Tarazona"]
[WhiteTeamCountry "ESP"]
[BlackTeamCountry "ESP"]

1. d4 Nf6 2. Nf3 g6 3. Nbd2 c5 4. dxc5 Qa5 5. a3 Qxc5 6. b4 Qb6 7. Bb2 Bg7 8. e3 0-0 9. c4 d6 10. Be2 Nbd7 11. 0-0 Qc7 12. Rc1 b6 13. Nd4 Bb7 14. Nb5 Qc8 15. Qb3 a6 16. Nc3 Ra7 17. Rfd1 Ba8 18. Nd5 Nxd5 19. cxd5 Qb8 20. Bxg7 Kxg7 21. Qc3+ Kg8 22. e4 b5 23. h4 Nb6 24. Bg4 h5 25. Bh3 Bb7 26. Qc7 Ba8 27. Qc3 Bb7 28. Nf3 Nc4 29. Nd4 Ba8 30. Rd3 Rc7 31. Nf5 f6 32. Rg3 Kh7 33. Nd4 Rf7 34. Ne6 Rc8 35. Rxg6 Kxg6 36. Bf5+ Kh6 37. Qg3 1-0

[Event "Aragon-chT Honor GrA"]
[Site "Aragon"]
[Date "2014.02.22"]
[Round "5.8"]
[White "Fontana Sotomayour, Luis Javier"]
[Black "Pellicer Cerezuela, Miguel"]
[Result "0-1"]
[WhiteElo "2323"]
[BlackElo "1927"]
[PlyCount "102"]
[EventDate "2014.01.25"]
[EventType "team-tourn"]
[EventRounds "7"]
[EventCountry "ESP"]
[SourceTitle "EXT 2015"]
[Source "ChessBase"]
[SourceDate "2014.11.20"]
[SourceVersion "1"]
[SourceVersionDate "2014.11.20"]
[SourceQuality "1"]
[WhiteTeam "Jaime Casas"]
[BlackTeam "La Aurora Estadilla"]
[WhiteTeamCountry "ESP"]
[BlackTeamCountry "ESP"]

1. d4 Nf6 2. Nf3 e6 3. e3 b6 4. Bd3 Bb7 5. 0-0 d6 6. b3 Nbd7 7. Bb2 Be7 8. Nbd2 c5 9. c3 d5 10. Ne5 0-0 11. f4 Ne4 12. Nxe4 dxe4 13. Bc4 Nxe5 14. fxe5 Bd5 15. Ba6 Bg5 16. Qe2 cxd4 17. exd4 Rb8 18. Rad1 e3 19. Ba3 Be7 20. Bxe7 Qxe7 21. Qxe3 Qa3 22. Be2 b5 23. Rd2 a5 24. Bd3 a4 25. c4 Bc6 26. c5 axb3 27. axb3 Bd5 28. Bc2 Qb4 29. Qd3 g6 30. Rdf2 Ra8 31. h4 Ra2 32. h5 Rxc2 33. Rxc2 Qxb3 34. Qxb3 Bxb3 35. Rb2 Bc4 36. Ra1 gxh5 37. Kf2 Rc8 38. Ra7 Kg7 39. Ke3 Kg6 40. Rf2 b4 41. Rf6+ Kg5 42. Raxf7 Rg8 43. Rb7 b3 44. Rff7 Kh4 45. Kf2 Bd5 46. c6 Rxg2+ 47. Kf1 Rc2 48. Rf2 Rxc6 49. Rb2 Rc1+ 50. Ke2 Bxb7 51. Rxb3 Bd5 0-1

[Event "Aragon-chT Honor Titulo"]
[Site "Aragon"]
[Date "2012.04.14"]
[Round "10.7"]
[White "Fontana Sotomayour, Luis Javier"]
[Black "Delgado Salcedo, Eduardo"]
[Result "1-0"]
[WhiteElo "2345"]
[BlackElo "2174"]
[PlyCount "115"]
[EventDate "2012.02.04"]
[EventType "team-tourn"]
[EventRounds "11"]
[EventCountry "ESP"]
[SourceTitle "EXT 2014"]
[Source "ChessBase"]
[SourceDate "2013.11.20"]
[SourceVersion "1"]
[SourceVersionDate "2013.11.20"]
[SourceQuality "1"]
[WhiteTeam "Jaime Casas"]
[BlackTeam "Agrupacion"]
[WhiteTeamCountry "ESP"]
[BlackTeamCountry "ESP"]

1. d4 f5 2. Nf3 Nf6 3. g3 e6 4. Bg2 d5 5. 0-0 Bd6 6. c4 c6 7. b3 Qe7 8. Bb2 0-0 9. Qc1 Bd7 10. Ba3 Be8 11. Bxd6 Qxd6 12. Qa3 Qxa3 13. Nxa3 Bh5 14. e3 Bxf3 15. Bxf3 Nbd7 16. Bg2 a5 17. Nb1 Ne4 18. f3 Nd6 19. c5 Nb5 20. a4 Nc7 21. f4 Na6 22. Nc3 Rfb8 23. Rfc1 b6 24. cxb6 Rxb6 25. Nd1 Ndb8 26. Rc3 Ra7 27. Rb1 Rab7 28. Bf1 Nd7 29. Nf2 Nb4 30. Rb2 Kf7 31. h3 Ke7 32. g4 g6 33. Kg2 Kd6 34. Kg3 Nf6 35. Rc5 Ra7 36. g5 Ne4+ 37. Nxe4+ fxe4 38. h4 Nd3 39. Bxd3 exd3 40. Rc3 Rab7 41. Rxd3 Rb4 42. Rc3 Rxa4 43. bxa4 Rxb2 44. Rc5 Re2 45. Kf3 Rh2 46. Rxa5 Rxh4 47. Ra7 Rh3+ 48. Ke2 Rh2+ 49. Kd3 h5 50. Rg7 Ra2 51. Rxg6 Rxa4 52. f5 Ke7 53. Rxe6+ Kf7 54. Rxc6 Ra1 55. g6+ Kg7 56. Rc7+ Kg8 57. f6 Ra8 58. Rg7+ 1-0